Última palabra de canciones de David Bisbal - Estadísticas

Estadísticas generales
  • Esta prueba ha sido intentada 78 veces
  • La puntuación promedio es 18 de 20
Estadísticas de respuestas
Hint Respuesta % Correcto
Mi Princesa
99%
Ave María
97%
Camina y Ven
97%
Sin mirar Atrás
96%
A partir de Hoy
96%
Quién me iba a Decir
94%
Rosa y Espinas
94%
Corazón Latino
94%
Oye el Boom
93%
Todo es Posible
93%
Si tú la Quieres
93%
Esclavo de sus Besos
91%
Tú me Delatas
91%
Diez mil Maneras
90%
Cómo Olvidar
90%
Lloraré las Penas
90%
Torre de Babel
88%
En tus Planes
88%
Amar es lo que Quiero
87%
Antes que No
85%
No se encontraron pruebas coincidentes
Distribución de puntuación
Porcentaje de gente con cada puntuación
Porcentaje por número respondido
Historial de tus puntuaciones
No has intentado esta prueba.